000 00307nam a2200133Ia 4500
005 20251222140040.0
008 251222s1900||||xx |||||||||||||| ||spa||
020 _a8440622619
082 _aREF.703/G22
100 _aAsensio, Antonio
245 0 _aEnciclopedia del Arte
264 _bB-Grupo Z
942 _cLIB
999 _c3247
_d3247